000 00991nas a2200265Ia 4500
001 A50/R024-4896 [r000002044]
003 IT-MiCISF
008 161014c99999999xx |||||||||||| ||und||
040 _aIT-MiCISF
_cIT-MiCISF
041 _aITALIANO
100 _aCasetti Francesco
210 _aFamiglia oggi
222 _aFamiglia oggi
245 0 _aTelevisione e coppia
250 _a1a ed.
260 _c1990
501 _bCISF - Centro Internazionale Studi Famiglia - Via Giotto, 36 20145 MILANO (non commercial uses only)
_cCopyright 2016
300 _app. 59-78
362 _an. 47, settembre-ottobre [1990]
500 _aRicerca commissionata dal CISF ad esperti dell'Università Cattolica e presentata al convegno "Maschio-femmina, la coppia e il suo progetto", tenuto a Milano dal 22 al 24 giugno 1990. Tema: coppia, relazione-di-coppia, televisione
650 _aFAMIGLIA - coppia
_vrapporto
700 _a Piotti Patrizia
942 _cCR
957 _71
999 _a4896
_bSi
_g1
_c242516
_d242516